Mensajes de navidad
Guardat en:
| Autor principal: | |
|---|---|
| Format: | Llibre |
| Idioma: | espanyol |
| Publicat: |
Buenos Aires
Del Atlántico
1957
|
| Matèries: | |
| Etiquetes: |
Afegir etiqueta
Sense etiquetes, Sigues el primer a etiquetar aquest registre!
|
MARC
| LEADER | 00000nam a2200000 a 4500 | ||
|---|---|---|---|
| 001 | UCL5317 | ||
| 003 | CL-VaPUC | ||
| 008 | 040312e19570000AG |||||||||||||||||spa|d | ||
| 082 | 0 | 4 | |a 262.13 |b PIO |2 21 |
| 100 | |a Pío XII, |d 1876-1958 |c Papa |e author |9 321754 | ||
| 245 | 1 | 0 | |a Mensajes de navidad |
| 300 | |a 389 p | ||
| 942 | |c BK | ||
| 945 | |d 20040312 00:00:00 |a rbrito | ||
| 260 | |a Buenos Aires |b Del Atlántico |c 1957 | ||
| 650 | 0 | |a Documentos pontificios |9 255642 | |
| 650 | 0 | |a Encíclicas papales |9 314532 | |
| 583 | |a last modification |c 20040312 00:00:00 |k Rodrigo Vera | ||
| 999 | |c 307927 |d 307925 | ||
| 952 | |0 0 |1 0 |4 0 |6 262_130000000000000_PIO_1957 |7 0 |8 A |9 374104 |a BIBTEO |b BIBTEO |d 2019-11-21 |i 3383385 |o 262.13 PIO 1957 |p 3383385 |r 2025-01-17 |w 2019-11-21 |y BK |k ICR | ||